| 000 | 00584nam a2200241 a 4500 | ||
|---|---|---|---|
| 001 | nice12345678 | ||
| 003 | IN_TiNIC | ||
| 005 | 20260116012113.0 | ||
| 008 | 050524s1955 lona grp 000 0 ara | ||
| 020 |
_a _c100 |
||
| 082 | 0 | 0 |
_a160 _bSAH |
| 100 | _aSaherwardi Al, Shaikh Shahabuddin | ||
| 245 | _aMantaqul-Talwihat | ||
| 260 |
_aLondon _bNo Publisher _c1955 |
||
| 300 | _a100p | ||
| 500 | _aincludes index and biblioraphy | ||
| 505 | 2 | _aIndexes | |
| 650 | _aLogic | ||
| 700 | 1 | _aSaherwardi Al, Shaikh Shahabuddin | |
| 902 | _bSRS | ||
| 942 | _cBK | ||
| 999 |
_c5654 _d5654 |
||